[Event "Ruhrgebiet Verbandsliga Gruppe 2 1415"]
[Site "Germany"]
[Date "2015.04.26"]
[Round "9.6"]
[White "Woestmann, Ulrich"]
[Black "Rippke, Uwe"]
[Result "1/2-1/2"]
[WhiteElo "2036"]
[BlackElo "1701"]
[PlyCount "45"]
[EventDate "2014.09.21"]
[EventType "team-tourn"]
[EventRounds "9"]
[EventCountry "GER"]
[SourceTitle "EXT 2022"]
[Source "ChessBase"]
[SourceDate "2021.10.06"]
[SourceVersion "1"]
[SourceVersionDate "2021.10.06"]
[SourceQuality "1"]
[WhiteTeam "Ahlen SV"]
[BlackTeam "Oberhausen SV II"]
[WhiteTeamCountry "GER"]
[BlackTeamCountry "GER"]

1. e4 c5 2. Nc3 d6 3. g3 Nc6 4. Bg2 Nf6 5. d3 e6 6. f4 Be7 7. Nf3 0-0 8. 0-0 Qc7 9. b3 a6 10. Bb2 Bd7 11. f5 exf5 12. Nh4 Nd4 13. Nxf5 Nxf5 14. exf5 Bc6 15. Ne4 Bxe4 16. dxe4 Rad8 17. c4 Rfe8 18. Qf3 b5 19. cxb5 axb5 20. Rfe1 Nd7 21. Bf1 Rb8 22. Rad1 Ne5 23. Bxe5 1/2-1/2

[Event "Ruhrgebiet VK1 0405"]
[Site "Ruhrgebiet"]
[Date "2004.11.28"]
[Round "4.8"]
[White "Rippke, Uwe"]
[Black "Kordt, Peter"]
[Result "1/2-1/2"]
[WhiteElo "1690"]
[BlackElo "1712"]
[PlyCount "92"]
[EventDate "2004.09.12"]
[EventType "team"]
[EventRounds "9"]
[EventCountry "GER"]
[SourceTitle "EXT 2006"]
[Source "ChessBase"]
[SourceDate "2005.11.24"]
[SourceVersion "1"]
[SourceVersionDate "2005.11.24"]
[SourceQuality "1"]
[WhiteTeam "Essen West II"]
[BlackTeam "Gelsenkirchen II"]
[WhiteTeamCountry "GER"]
[BlackTeamCountry "GER"]

1. d4 Nf6 2. c4 g6 3. Nc3 Bg7 4. e4 d6 5. Nf3 0-0 6. Be2 Nc6 7. d5 Nb8 8. 0-0 Nbd7 9. Re1 e5 10. a3 a5 11. Qc2 Ne8 12. Bd2 f5 13. b4 f4 14. Nb5 b6 15. bxa5 bxa5 16. Rab1 Nc5 17. Rb2 g5 18. h3 h5 19. Nh2 g4 20. hxg4 hxg4 21. Bxg4 Bxg4 22. Nxg4 Qh4 23. Nh2 Rf6 24. Nf3 Qg4 25. Kf1 Rg6 26. Ke2 Nf6 27. Nc3 Kf7 28. Rh1 Qxg2 29. Rg1 Qh3 30. Ng5+ Rxg5 31. Rxg5 Bh6 32. Rg1 Qh5+ 33. f3 Qh2+ 34. Kf1 Qh3+ 35. Kf2 Bg5 36. Rxg5 Qh4+ 37. Ke2 Qxg5 38. Be1 Qg2+ 39. Bf2 Nh5 40. Nd1 Ng3+ 41. Ke1 Rh8 42. Kd2 Qxf3 43. Bxc5 Nxe4+ 44. Kc1 Nxc5 45. Qf5+ Kg7 46. Qg5+ Kf7 1/2-1/2